00971cam a22003137a 4500003000500000005001700005008004100022010001000063011001000073035001000083040000900093082001600102100002800118245002900146260003700175300001100212590004100223590004200264650004200306650002900348650002900377650001900406700002800425901000700453942001000460949005300470999001700523952011700540CHAP20220329134548.0971013s1946 r 00010 d a22238 a23210 a27305 cCHAP a368.01bD8200aDublin, Louis I.93432614aThe money value of a man aNew York :bRonald, Press,c1946 a214 p. aBATCH-UPDb10c20130110lUCH01h1125 aCONVERSIONb10c20130109lUCH01h131314aCostos y nivel de vidaxE.U.A.92852714aSalariosxE.U.A.910126814aSeguros de vida.910373614aValor.91176670 aLotka, Alfred J.968593 aBK cLIBRO a368.01 D82bBCcBPAd-63248eBPAh6995i27305si c22238d22238 01104053708MDaBCbBCd2019-12-31fLIBROi127l0o368.01 D82p-63248r2019-12-31 00:00:00w2019-12-31yLIBRO